Ψυχοκοινωνική ανάπτυξη παιδιών με νοητική αναπηρία και σύνδρομο down : ανίχνευση δυσκολιών και προτάσεις παρέμβασης

Αποθηκεύτηκε σε:
Λεπτομέρειες βιβλιογραφικής εγγραφής
Κύριος συγγραφέας: Αλευριάδου, Αναστασία
Άλλοι συγγραφείς: Γκιαούρη, Στεργιανή
Μορφή: Βιβλίο
Γλώσσα:Greek
Δημοσίευση: Κοζάνη : [χ.ό.], 2011
Θέματα:
Ετικέτες: Προσθήκη ετικέτας
Δεν υπάρχουν, Καταχωρήστε ετικέτα πρώτοι!

MARC

LEADER 00000cam a2200000 i 4500
001 1/48689
008 140604s2011 gre d
020 |a 978-960-9613-00-2 
035 |l 10117870 
040 |a GR-MY-UA  |b gre  |e aacr 
041 0 |a gre 
082 0 |a 155.4528  |2 (23) 
100 1 |a Αλευριάδου, Αναστασία. 
245 1 0 |a Ψυχοκοινωνική ανάπτυξη παιδιών με νοητική αναπηρία και σύνδρομο down :  |b ανίχνευση δυσκολιών και προτάσεις παρέμβασης /  |c Αναστασία Αλευριάδου και Στεργιανή Γκιαούρη 
260 |a Κοζάνη :   |b [χ.ό.],   |c 2011 
300 |a 169 σ.;  |c 24 εκ.+  |e 1 cd. 
504 |a Βιβλιογραφία: σ. 123-169 
650 0 0 |a Down syndrome. 
650 0 0 |a Mental retardation. 
650 0 0 |a Mentally ill children. 
650 0 0 |a Children with mental disabilities. 
700 1 |a Γκιαούρη, Στεργιανή. 
852 |a INST  |b RHODES  |e 20140604  |h 155.4528 ΑΛΕ  |p 005400036594  |q 005400036594  |t BK  |y 0 
852 |a INST  |b RHODES  |e 20190628  |h 155.4528 ΑΛΕ   |p 005400040938  |q 005400040938  |t BK  |y 0 
901 |a BIBL4-2014-2 
909 |a Ρ  |b 183096 
920 |a ΑΛΕΥΡΙΑΔΟΥ  |b ΑΝΑΣΤΑΣΙΑ  |y ΡΟΔΟΣ  |z 2014-06 
920 |a ΓΚΙΑΟΥΡΗ  |b ΣΤΕΡΓΙΑΝΗ  |y ΡΟΔΟΣ  |z 2014-06 
970 |z 2014/06/04